[Event "CZE-chT2A 1718"]
[Site "Czech Republic"]
[Date "2018.02.25"]
[Round "9.8"]
[White "Sala, Dalibor"]
[Black "Hlavsa, Petr"]
[Result "1/2-1/2"]
[WhiteElo "1846"]
[BlackElo "2122"]
[PlyCount "112"]
[EventDate "2017.10.15"]
[EventType "team-tourn"]
[EventRounds "11"]
[EventCountry "CZE"]
[SourceTitle "EXT 2022"]
[Source "ChessBase"]
[SourceDate "2021.10.06"]
[SourceVersion "1"]
[SourceVersionDate "2021.10.06"]
[SourceQuality "1"]
[WhiteTeam "Most Chess"]
[BlackTeam "Vysehrad II"]
[WhiteTeamCountry "CZE"]
[BlackTeamCountry "CZE"]

1. e4 e5 2. Nf3 Nc6 3. Bc4 Bc5 4. c3 Nf6 5. Qe2 0-0 6. Bb3 d5 7. d3 d4 8. h3 Qe7 9. g4 Be6 10. Bxe6 Qxe6 11. c4 a5 12. Nbd2 Bb4 13. a3 Bxd2+ 14. Bxd2 Nd7 15. 0-0 a4 16. Ng5 Qe7 17. f4 exf4 18. Bxf4 Nce5 19. Nf3 Nxf3+ 20. Qxf3 Nc5 21. Rae1 Ra6 22. Re2 Rb6 23. Qg3 Ne6 24. Bc1 Rb3 25. Ref2 c6 26. h4 Nc5 27. Rf3 Qe6 28. h5 Nd7 29. Bf4 f6 30. g5 Rxb2 31. Bd6 Rf7 32. g6 Re7 33. Bxe7 Qxe7 34. gxh7+ Kh8 35. h6 Kxh7 36. Qf4 g6 37. Rg3 Qe6 38. e5 f5 39. Qxd4 Re2 40. Re3 Rxe3 41. Qxe3 Qxe5 42. Re1 Qxe3+ 43. Rxe3 Kxh6 44. Re7 Nc5 45. d4 Ne4 46. d5 cxd5 47. cxd5 Kg5 48. Re6 Nc5 49. Re7 Kf6 50. d6 Ne4 51. Rxb7 Nxd6 52. Rb4 Ke5 53. Rxa4 Kd5 54. Ra8 Kc5 55. Rg8 Nc4 56. Rxg6 Nxa3 1/2-1/2

[Event "CZE-chT2C 1617"]
[Site "Czech Republic"]
[Date "2017.01.15"]
[Round "6.3"]
[White "Polak, Benedikt"]
[Black "Hlavsa, Petr"]
[Result "1/2-1/2"]
[WhiteElo "2137"]
[BlackElo "2091"]
[PlyCount "59"]
[EventDate "2016.10.09"]
[EventType "team-tourn"]
[EventRounds "11"]
[EventCountry "CZE"]
[SourceTitle "EXT 2022"]
[Source "ChessBase"]
[SourceDate "2021.10.06"]
[SourceVersion "1"]
[SourceVersionDate "2021.10.06"]
[SourceQuality "1"]
[WhiteTeam "Kutna Hora"]
[BlackTeam "Vysehrad III"]
[WhiteTeamCountry "CZE"]
[BlackTeamCountry "CZE"]

1. d4 d5 2. c4 Nc6 3. e3 Nf6 4. Nf3 e6 5. a3 Be7 6. Nc3 0-0 7. Qc2 b6 8. cxd5 exd5 9. Bd3 Bb7 10. b4 Nb8 11. 0-0 Nbd7 12. Bb2 c5 13. bxc5 bxc5 14. dxc5 Nxc5 15. Bf5 Qa5 16. Rfd1 Rfd8 17. Nd4 Rab8 18. a4 Nce4 19. Rac1 g6 20. Nxe4 dxe4 21. Bh3 Bd5 22. Ba1 Qa6 23. Nb5 Bc6 24. Bd4 Bxb5 25. axb5 Rxb5 26. g3 Ra5 27. Qc7 Nd5 28. Qe5 Bf6 29. Qxe4 Ra4 30. Qf3 1/2-1/2

[Event "CZE-chT2A 1516"]
[Site "Czech Republic"]
[Date "2015.11.08"]
[Round "2.8"]
[White "Pirklova, Hana"]
[Black "Hlavsa, Petr"]
[Result "1-0"]
[WhiteElo "2123"]
[BlackElo "2071"]
[PlyCount "71"]
[EventDate "2015.10.18"]
[EventType "team-tourn"]
[EventRounds "11"]
[EventCountry "CZE"]
[SourceTitle "EXT 2022"]
[Source "ChessBase"]
[SourceDate "2021.10.06"]
[SourceVersion "1"]
[SourceVersionDate "2021.10.06"]
[SourceQuality "1"]
[WhiteTeam "Praha Oaza"]
[BlackTeam "Vysehrad II"]
[WhiteTeamCountry "CZE"]
[BlackTeamCountry "CZE"]

1. e4 e5 2. Nf3 Nc6 3. Bb5 a6 4. Ba4 d6 5. c3 Nf6 6. d3 Be7 7. 0-0 Bg4 8. h3 Bh5 9. Re1 b5 10. Bc2 0-0 11. Nbd2 d5 12. Qe2 d4 13. Nf1 Qd6 14. Ng3 Bxf3 15. Qxf3 dxc3 16. bxc3 Qc5 17. Bb2 b4 18. c4 g6 19. Ne2 Nd7 20. Rad1 Nb6 21. d4 exd4 22. Nxd4 Nxc4 23. Ba1 Nxd4 24. Bxd4 Qg5 25. e5 c5 26. Ba1 Rad8 27. Rxd8 Rxd8 28. Bb3 Qd2 29. Rd1 Qxd1+ 30. Bxd1 Nd2 31. Qb7 Kf8 32. e6 fxe6 33. Qc7 c4 34. Qf4+ Kg8 35. Qg4 Rd6 36. Be5 1-0

[Event "CZE-chT2C 1314"]
[Site "Czech Republic"]
[Date "2014.03.23"]
[Round "10.4"]
[White "Formanek, Martin"]
[Black "Hlavsa, Petr"]
[Result "1-0"]
[WhiteElo "2196"]
[BlackElo "2076"]
[PlyCount "65"]
[EventDate "2013.11.03"]
[EventType "team-tourn"]
[EventRounds "11"]
[EventCountry "CZE"]
[SourceTitle "EXT 2015"]
[Source "ChessBase"]
[SourceDate "2014.11.20"]
[SourceVersion "1"]
[SourceVersionDate "2014.11.20"]
[SourceQuality "1"]
[WhiteTeam "Praha Kobylisy"]
[BlackTeam "Vysehrad III"]
[WhiteTeamCountry "CZE"]
[BlackTeamCountry "CZE"]

1. e4 e5 2. Nf3 Nc6 3. d4 exd4 4. Nxd4 Bc5 5. Be3 Qf6 6. c3 Nge7 7. g3 Nxd4 8. cxd4 Bb4+ 9. Nc3 0-0 10. Bg2 d5 11. exd5 Rd8 12. Qb3 Qb6 13. 0-0 Bg4 14. Na4 Qa5 15. Nc5 Qb6 16. Qc4 Nf5 17. a3 Nxe3 18. fxe3 Bd2 19. Qd3 Qxb2 20. Na4 Bxe3+ 21. Qxe3 Qc2 22. Nc5 b6 23. Rf2 Qg6 24. Nd3 f6 25. Nf4 Re8 26. Qc3 Qf7 27. Rc1 Rac8 28. Rff1 g5 29. Ne6 h6 30. h3 Bxe6 31. dxe6 Qxe6 32. d5 Qe3+ 33. Kh2 1-0

[Event "CZE-chT2C 1314"]
[Site "Czech Republic"]
[Date "2013.11.17"]
[Round "2.6"]
[White "Hlavsa, Petr"]
[Black "Husarik, Branko"]
[Result "1-0"]
[WhiteElo "2076"]
[BlackElo "2156"]
[PlyCount "39"]
[EventDate "2013.11.03"]
[EventType "team-tourn"]
[EventRounds "11"]
[EventCountry "CZE"]
[SourceTitle "EXT 2015"]
[Source "ChessBase"]
[SourceDate "2014.11.20"]
[SourceVersion "1"]
[SourceVersionDate "2014.11.20"]
[SourceQuality "1"]
[WhiteTeam "Vysehrad III"]
[BlackTeam "Lysa nad Labem III"]
[WhiteTeamCountry "CZE"]
[BlackTeamCountry "CZE"]

1. e4 e5 2. Nf3 Nc6 3. Bc4 Nf6 4. Ng5 d5 5. exd5 b5 6. Bxb5 Qxd5 7. Bxc6+ Qxc6 8. Qf3 e4 9. Qb3 Bc5 10. d4 Bxd4 11. Qxf7+ Kd8 12. 0-0 Bd7 13. c3 Bc5 14. Be3 Be7 15. Rd1 Re8 16. Ne6+ Kc8 17. Nxg7 Kb7 18. Qb3+ Ka6 19. Nxe8 Rxe8 20. a4 1-0

[Event "CZE-chT1W 0607"]
[Site "Czech Republic"]
[Date "2007.03.18"]
[Round "10.6"]
[White "Hlavsa, Petr"]
[Black "Priborsky, Marek"]
[Result "1/2-1/2"]
[WhiteElo "2121"]
[BlackElo "2160"]
[PlyCount "32"]
[EventDate "2006.10.29"]
[EventType "team"]
[EventRounds "11"]
[EventCountry "CZE"]
[SourceTitle "EXT 2009"]
[Source "ChessBase"]
[SourceDate "2008.11.26"]
[SourceVersion "1"]
[SourceVersionDate "2008.11.26"]
[SourceQuality "1"]
[WhiteTeam "Vysehrad II"]
[BlackTeam "Plzen II"]
[WhiteTeamCountry "CZE"]
[BlackTeamCountry "CZE"]

1. e4 e5 2. Nf3 Nc6 3. Bc4 Nf6 4. Ng5 d5 5. exd5 Na5 6. Bb5+ Bd7 7. Qe2 Be7 8. Bxd7+ Qxd7 9. Qxe5 0-0-0 10. 0-0 Ng4 11. Qf4 Nxh2 12. Qxh2 Bxg5 13. Nc3 f5 14. d3 Be7 15. Bf4 g5 16. Be5 Rhe8 1/2-1/2

[Event "CZE-chT1W 0607"]
[Site "Czech Republic"]
[Date "2006.11.12"]
[Round "2.6"]
[White "Krnavek, Lubomir"]
[Black "Hlavsa, Petr"]
[Result "1-0"]
[WhiteElo "2303"]
[BlackElo "2121"]
[PlyCount "47"]
[EventDate "2006.10.29"]
[EventType "team"]
[EventRounds "11"]
[EventCountry "CZE"]
[SourceTitle "EXT 2009"]
[Source "ChessBase"]
[SourceDate "2008.11.26"]
[SourceVersion "1"]
[SourceVersionDate "2008.11.26"]
[SourceQuality "1"]
[WhiteTeam "Vrsovice"]
[BlackTeam "Vysehrad II"]
[WhiteTeamCountry "CZE"]
[BlackTeamCountry "CZE"]

1. d4 d5 2. c4 e6 3. Nf3 Nf6 4. g3 c6 5. Qc2 Nbd7 6. Bg2 Bd6 7. 0-0 dxc4 8. e4 e5 9. Qxc4 Qe7 10. Nc3 0-0 11. h3 Rd8 12. Be3 exd4 13. Nxd4 Ne5 14. Qe2 Bb4 15. f4 Ng6 16. Bf2 c5 17. Nb3 Be6 18. e5 Nd7 19. Bxb7 Bxh3 20. Bxa8 Bxf1 21. Rxf1 Rxa8 22. Nd5 Qe6 23. Nc7 Nxf4 24. Qf3 1-0

[Event "CZE-chT2c 0506"]
[Site "Czech Republic"]
[Date "2006.03.12"]
[Round "9.5"]
[White "Klicnar, Martin"]
[Black "Hlavsa, Petr"]
[Result "1/2-1/2"]
[WhiteElo "2170"]
[BlackElo "2146"]
[PlyCount "49"]
[EventDate "2005.10.16"]
[EventType "team"]
[EventRounds "11"]
[EventCountry "CZE"]
[SourceTitle "EXT 2009"]
[Source "ChessBase"]
[SourceDate "2008.11.26"]
[SourceVersion "1"]
[SourceVersionDate "2008.11.26"]
[SourceQuality "1"]
[WhiteTeam "Nachod"]
[BlackTeam "Vysehrad III"]
[WhiteTeamCountry "CZE"]
[BlackTeamCountry "CZE"]

1. e4 e5 2. Nf3 Nc6 3. Bb5 a6 4. Ba4 d6 5. Bxc6+ bxc6 6. d4 exd4 7. Qxd4 Nf6 8. Bg5 Be7 9. 0-0 0-0 10. e5 c5 11. Qd3 Ng4 12. Bxe7 Qxe7 13. exd6 cxd6 14. Nc3 Ne5 15. Nd5 Qb7 16. Nxe5 dxe5 17. Qb3 Rb8 18. Rad1 Be6 19. Qxb7 Rxb7 20. b3 c4 21. Rfe1 f6 22. Ne3 cxb3 23. axb3 Rb6 24. Nd5 Rb7 25. Ne3 1/2-1/2

[Event "CZE-chT2c 0506"]
[Site "Czech Republic"]
[Date "2006.02.26"]
[Round "8.4"]
[White "Svatos, Jan"]
[Black "Hlavsa, Petr"]
[Result "1-0"]
[WhiteElo "2256"]
[BlackElo "2146"]
[PlyCount "59"]
[EventDate "2005.10.16"]
[EventType "team"]
[EventRounds "11"]
[EventCountry "CZE"]
[SourceTitle "EXT 2009"]
[Source "ChessBase"]
[SourceDate "2008.11.26"]
[SourceVersion "1"]
[SourceVersionDate "2008.11.26"]
[SourceQuality "1"]
[WhiteTeam "Vrsovice"]
[BlackTeam "Vysehrad III"]
[WhiteTeamCountry "CZE"]
[BlackTeamCountry "CZE"]

1. e4 e5 2. Nf3 Nc6 3. Bb5 a6 4. Bxc6 dxc6 5. 0-0 Bg4 6. h3 h5 7. d3 Qf6 8. Nbd2 g5 9. d4 exd4 10. Re1 Bxf3 11. Nxf3 g4 12. e5 Qg7 13. Ng5 gxh3 14. Qxd4 hxg2 15. Rd1 Be7 16. e6 f6 17. Nf7 Rh7 18. Qd7+ Kf8 19. Qxc7 Qg4 20. Bf4 Qxe6 21. Nd8 Qh3 22. Bh2 Rc8 23. Qxb7 Bxd8 24. Qxh7 Bc7 25. Rd6 Bxd6 26. Bxd6+ Ke8 27. Re1+ Kd8 28. Be7+ Kc7 29. Bc5+ Qd7 30. Bb6+ 1-0

[Event "CZE-chT2c 0506"]
[Site "Czech Republic"]
[Date "2006.01.15"]
[Round "6.4"]
[White "Bernard, Borek"]
[Black "Hlavsa, Petr"]
[Result "1-0"]
[WhiteElo "2272"]
[BlackElo "2146"]
[PlyCount "69"]
[EventDate "2005.10.16"]
[EventType "team"]
[EventRounds "11"]
[EventCountry "CZE"]
[SourceTitle "EXT 2009"]
[Source "ChessBase"]
[SourceDate "2008.11.26"]
[SourceVersion "1"]
[SourceVersionDate "2008.11.26"]
[SourceQuality "1"]
[WhiteTeam "AVE Kontakt"]
[BlackTeam "Vysehrad III"]
[WhiteTeamCountry "CZE"]
[BlackTeamCountry "CZE"]

1. e4 e5 2. Nf3 Nc6 3. Bc4 Bc5 4. c3 Nf6 5. d4 exd4 6. cxd4 Bb4+ 7. Bd2 Bxd2+ 8. Nbxd2 d5 9. exd5 Nxd5 10. Qb3 Nce7 11. a4 0-0 12. 0-0 Rb8 13. Rfe1 Kh8 14. Ne4 f6 15. Nc5 Qd6 16. Ne4 Qd8 17. Rac1 Bg4 18. h3 Bf5 19. Nc3 Nf4 20. Qa3 Neg6 21. Qc5 Qd7 22. Re3 b6 23. Qa3 c6 24. Rce1 Rbd8 25. b4 Rfe8 26. b5 Rxe3 27. Rxe3 Qc7 28. Qb3 c5 29. d5 Nd3 30. g4 Ngf4 31. gxf5 Nxh3+ 32. Kf1 Ndxf2 33. Ne2 Ng4 34. Re6 Nf4 35. d6 1-0

[Event "CZE-chT2J 0203"]
[Site "Czech Republic"]
[Date "2002.??.??"]
[Round "4"]
[White "Melich, Jindrich"]
[Black "Hlavsa, Petr"]
[Result "0-1"]
[WhiteElo "2133"]
[BlackElo "2136"]
[PlyCount "78"]
[EventDate "2002.10.??"]
[EventType "team"]
[EventRounds "11"]
[EventCountry "CZE"]
[SourceTitle "EXT 2007"]
[Source "ChessBase"]
[SourceDate "2006.11.23"]
[SourceVersion "1"]
[SourceVersionDate "2006.11.23"]
[SourceQuality "1"]

1. b4 Nf6 2. Bb2 e6 3. b5 d5 4. e3 c5 5. Nf3 Bd6 6. c4 Nbd7 7. Be2 e5 8. d3 Qe7 9. cxd5 Nxd5 10. Nbd2 0-0 11. 0-0 b6 12. g3 Bb7 13. Qb3 Kh8 14. e4 Nc7 15. Nh4 g6 16. f4 f6 17. Nc4 exf4 18. gxf4 Ne6 19. Ng2 Bc7 20. Bc3 Rad8 21. Qb2 g5 22. fxg5 Nxg5 23. Rf5 Qg7 24. Raf1 Bxh2+ 25. Kxh2 Qh6+ 26. Kg3 Bxe4 27. dxe4 Nxe4+ 28. Kf3 Nxc3 29. Kf2 Ne4+ 30. Kg1 Ng3 31. R1f3 Qh1+ 32. Kf2 Ne4+ 33. Ke3 Qxg2 34. Bd3 Qxb2 35. Nxb2 Ng5 36. R3f4 Rfe8+ 37. Kd2 Ne5 38. Rxf6 c4 39. Rh4 Nef3+ 0-1

[Event "CZE-chTV 0102"]
[Site "Czech Republic"]
[Date "2002.??.??"]
[Round "4"]
[White "Varejcko, Josef"]
[Black "Hlavsa, Petr"]
[Result "1/2-1/2"]
[WhiteElo "2265"]
[BlackElo "2172"]
[PlyCount "78"]
[EventDate "2001.??.??"]
[EventType "team"]
[EventRounds "11"]
[EventCountry "CZE"]
[SourceTitle "EXT 2003"]
[Source "ChessBase"]
[SourceDate "2002.11.25"]
[SourceVersion "1"]
[SourceVersionDate "2002.11.25"]
[SourceQuality "1"]
[WhiteTeam "Chrudim"]
[BlackTeam "Vysehrad III"]
[WhiteTeamCountry "CZE"]
[BlackTeamCountry "CZE"]

1. d4 d5 2. Nf3 Nf6 3. g3 e6 4. Bg2 Bd6 5. 0-0 Nbd7 6. c4 c6 7. Nc3 dxc4 8. e4 e5 9. d5 cxd5 10. exd5 a6 11. Nd2 b5 12. a4 Rb8 13. Nde4 Nxe4 14. Nxe4 Nc5 15. Bg5 Qc7 16. axb5 Nxe4 17. Bxe4 axb5 18. Qh5 g6 19. Qh6 Bf8 20. Qh4 Be7 21. Bf6 Qd6 22. Bxe7 Qxe7 23. Qh6 Qf8 24. Qe3 Qd6 25. Qh6 f5 26. Bg2 Kf7 27. Ra7+ Rb7 28. Rfa1 e4 29. R7a6 Qe5 30. g4 Rd7 31. Ra8 Rxd5 32. Rxc8 Rxc8 33. Ra7+ Ke6 34. gxf5+ Kd6 35. Ra6+ Rc6 36. Qf8+ Kc7 37. Qf7+ Kd6 38. Qf8+ Kc7 39. Qf7+ Kd6 1/2-1/2

[Event "CZE-chT2a 0001"]
[Site "Czech Republic"]
[Date "2001.??.??"]
[Round "9"]
[White "Hlavsa, Petr"]
[Black "Kalous, Miroslav"]
[Result "1-0"]
[WhiteElo "2065"]
[BlackElo "2110"]
[PlyCount "57"]
[EventDate "2000.??.??"]
[EventType "team"]
[EventRounds "11"]
[EventCountry "CZE"]
[SourceTitle "EXT 2003"]
[Source "ChessBase"]
[SourceDate "2002.11.25"]
[SourceVersion "1"]
[SourceVersionDate "2002.11.25"]
[SourceQuality "1"]

1. e4 d6 2. f4 Nf6 3. Nc3 g6 4. Nf3 Bg7 5. Bc4 0-0 6. d4 Nxe4 7. Bxf7+ Rxf7 8. Nxe4 h6 9. h3 Nd7 10. g4 Nf6 11. Qd3 Nxe4 12. Qxe4 Rf6 13. Be3 c6 14. 0-0-0 Be6 15. Bd2 b5 16. Qd3 a5 17. g5 Bf5 18. Qb3+ Rf7 19. gxh6 Bxh6 20. h4 a4 21. Qe3 Bg4 22. Ng5 Bxg5 23. hxg5 Bxd1 24. Kxd1 Qd7 25. d5 Qg4+ 26. Kc1 Raf8 27. Bc3 Rh7 28. Rxh7 Kxh7 29. Qxe7+ 1-0

[Event "CZE-chTJ 0001"]
[Site "Czech Republic"]
[Date "2001.??.??"]
[Round "7"]
[White "Hlavsa, Petr"]
[Black "Zikmund, Alexandr"]
[Result "1-0"]
[WhiteElo "2065"]
[BlackElo "1805"]
[PlyCount "65"]
[EventDate "2000.??.??"]
[EventType "team"]
[EventRounds "11"]
[EventCountry "CZE"]
[SourceTitle "EXT 2003"]
[Source "ChessBase"]
[SourceDate "2002.11.25"]
[SourceVersion "1"]
[SourceVersionDate "2002.11.25"]
[SourceQuality "1"]

1. e4 c5 2. Nc3 Nc6 3. f4 d6 4. Bc4 Nf6 5. Nf3 Bg4 6. e5 d5 7. Bb3 c4 8. Ba4 Ne4 9. Nxe4 dxe4 10. Bxc6+ bxc6 11. h3 exf3 12. hxg4 fxg2 13. Rg1 Qd4 14. Rxg2 Qxf4 15. Qe2 e6 16. b3 cxb3 17. axb3 Qd4 18. Ra4 Qd5 19. g5 Be7 20. Rh4 h5 21. c4 Qa5 22. Qe4 Qc5 23. Rf4 g6 24. Rgf2 Bxg5 25. Rxf7 0-0-0 26. Ba3 Rd4 27. Qg2 Qxe5+ 28. Kd1 Re4 29. Re2 Qa1+ 30. Bc1 Bxd2 31. Rxd2 Re1+ 32. Kxe1 Qxc1+ 33. Ke2 1-0

[Event "CZE-chTJ 0001"]
[Site "Czech Republic"]
[Date "2000.??.??"]
[Round "6"]
[White "Hlavsa, Petr"]
[Black "Pfeifer, Miroslav"]
[Result "1-0"]
[WhiteElo "2065"]
[BlackElo "2180"]
[PlyCount "63"]
[EventDate "2000.??.??"]
[EventType "team"]
[EventRounds "11"]
[EventCountry "CZE"]
[SourceTitle "EXT 2002"]
[Source "ChessBase"]
[SourceDate "2001.11.25"]
[SourceVersion "1"]
[SourceVersionDate "2001.11.25"]
[SourceQuality "1"]

1. e4 d5 2. exd5 Qxd5 3. Nc3 Qa5 4. d4 Nf6 5. Nf3 Bg4 6. Be2 Nbd7 7. h3 Bh5 8. Bd2 c6 9. 0-0 e6 10. a3 Qc7 11. Re1 Be7 12. Bc4 Nb6 13. Bb3 0-0-0 14. Ne2 Bxf3 15. gxf3 Nh5 16. c4 h6 17. Qc2 Bg5 18. Ba5 c5 19. dxc5 Qxc5 20. Bb4 Qc6 21. c5 Nd5 22. Nd4 Nxb4 23. axb4 Rxd4 24. Rxa7 Qxf3 25. c6 Nf4 26. cxb7+ Kb8 27. Bd5 Qxd5 28. Ra8+ Kxb7 29. Ra7+ Kxa7 30. Qc7+ Ka6 31. Ra1+ Kb5 32. Ra5+ 1-0